|
|
|
|
| LEADER |
01018cam a2200253 7i4500 |
| 001 |
0000029074 |
| 005 |
20170218090000.0 |
| 020 |
|
|
|a 9781584505723 (pbk.)
|
| 020 |
|
|
|a 1584505729 (pbk.)
|
| 090 |
0 |
0 |
|a QA76.76.C672
|b S33 2009
|
| 100 |
1 |
|
|a Schwab, Brian
|
| 245 |
1 |
0 |
|a AI game engine programming
|c Brian Schwab.
|
| 250 |
|
|
|a 2nd ed.
|
| 260 |
|
|
|a Boston, MA:
|b Course Technology, Cengage Learning,
|c 2009.
|
| 300 |
|
|
|a xxx, 710 p.:
|b ill.;
|c 24 cm..
|
| 501 |
|
|
|a With CD-ROM : AI game engine programming / Brian Schwab
|
| 650 |
0 |
0 |
|a Computer game --
|x Programming
|
| 650 |
0 |
0 |
|a Artificial intelligence
|
| 997 |
|
|
|a Communication, Visual Art & Computing, Faculty
|b Computing, Department
|
| 998 |
|
|
|a Computer Science, Degree
|
| 999 |
|
|
|a 0000039829
|b BOK
|c OPEN SHELF
|e 2nd Floor, Bestari Jaya
|
| 999 |
|
|
|a 0000039830
|b BOK
|c OPEN SHELF
|e 2nd Floor, Bestari Jaya
|
| 999 |
|
|
|a CDR0001549
|b CD-ROM
|c OPEN SHELF
|e Circulation Counter, Bestari Jaya
|
| 999 |
|
|
|a CDR0001550
|b CD-ROM
|c OPEN SHELF
|e Circulation Counter, Bestari Jaya
|